| 000 | 00996nam a2200265 i 4500 | ||
|---|---|---|---|
| 001 | bgj | ||
| 100 | 1 | _aLAZAR, Gillian. | |
| 245 | 1 | 0 |
_aLiterature and language teaching : _ba guide for teachers and trainers / _cGillian Lazar. |
| 250 | _a[Reprint]. | ||
| 260 |
_aCambridge [etc.] : _bCambridge University Press, _c1993. |
||
| 300 |
_aXIV, 268 pp : _bfigures ; _c23 cm. |
||
| 490 | 1 | _aCambridge Teacher Training and Development / [edited by] Ruth Gairns and Marion Williams | |
| 504 | _aBibliography p. 255-258. | ||
| 505 | _aIncludes index, answer key and notes. | ||
| 650 | 9 |
_aLanguage and languages _xStudy and teaching _xForeign speakers |
|
| 650 | 9 | _aLiterature activities | |
| 650 | 9 | _aLanguages and literature | |
| 830 | 0 | _aCambridge Teacher Training and Development ([edited by] Ruth Gairns and Marion Williams) | |
| 020 | _a052140651X (pbk) | ||
| 040 | _cBPK | ||
| 041 | 0 | _aeng | |
| 920 | _a0-521-40651-X (pbk) | ||
| 942 | _cKS | ||
| 008 | s uk f |000 0 eng | ||
| 999 |
_c48180 _d48180 |
||
| 856 |
_uhttp://koha.tu.koszalin.pl/cgi-bin/koha/opac-detail.pl?biblionumber=48180 _yKatalog online BPK |
||